Štúdium vlastností elektrónovolúčových zvarových spojov piestikov hydromotorov = Studying the properties of electron beam welded joints pistil hydraulic motors : Diplomová práca

Salvato in:
Dettagli Bibliografici
Autore principale: Praženka, Radoslav, 1977- (Autore)
Altri autori: Kolenič, František, 1949- (Relatore della tesi)
Natura: Manoscritto Libro
Lingua:slovacco
Pubblicazione: Trnava : STU v Bratislave MTF UVTE KZv, 2011
Soggetti:
Accesso online:VAIS
Tags: Aggiungi Tag
Nessun Tag, puoi essere il primo ad aggiungerne!!

MARC

LEADER 00000ntm a22000003a 4500
001 stu226999
005 20160719160511.8
008 110616s2011----xo------------------slo-d
040 |a STU  |b slo 
041 0 |a slo 
044 |a xo 
100 1 |a Praženka, Radoslav,  |d 1977-  |4 aut  |X 24069  |7 A000024069 
242 0 0 |a Studying the properties of electron beam welded joints pistil hydraulic motors  |y eng 
245 1 |a Štúdium vlastností elektrónovolúčových zvarových spojov piestikov hydromotorov = Studying the properties of electron beam welded joints pistil hydraulic motors :  |b Diplomová práca 
260 |a Trnava :  |b STU v Bratislave MTF UVTE KZv,  |c 2011 
300 |a 95 
650 7 |a welding  |2 estusub 
650 7 |a zvariteľnosť  |2 stusub 
650 7 |a elektrónový lúč  |2 stusub 
650 7 |a zváranie  |2 stusub 
650 7 |a Welding  |2 estusub 
700 1 |a Kolenič, František,  |d 1949-  |4 ths  |X 5232  |7 A000005232 
856 4 |a info a plný text  |u http://is.stuba.sk/zp/portal_zp.pl?podrobnosti=75396  |3 VAIS 
996 |c M*DP-9808  |l MMSKP  |s P  |a 0  |w stu226999_0001